000 00386nam a2200133Ia 4500
008 231129s1997||||xx |||||||||||||| ||spa||
020 _a958-18-0127-8
082 _aCo864.44 V152o
100 _aValencia Goelkel Hernando.
245 0 _aOficio crí­tico
260 _c1997
264 _aBogotá : Presidencia de la República.
942 _2ddc
_cBKS
999 _c22062
_d22062